000 00535nam a2200217Ia 4500
003 OSt
005 20220928145359.0
006 a|||||r|||| 00| 0
007 ta
008 220927b |||||||| |||| 00| 0 eng d
024 _a80466
037 _cTextual
040 _aSDCL
_cSDCL
_beng
041 _2eng
_aeng
082 _aX:75.2'N9, N1
100 _aDogra Bharat
_9453361
245 0 _aIndia
_b Despair and hope.
260 _c1991
942 _hX:75.2'N9, N1
_cTEXL
_2CC
999 _c833489
_d833489